00921nam a2200205 a 450000100060000000300090000600800410001502000150005604000280007108200220009910000820012124500400020325000060024326000310024930000110028050000250029150503380031665000340065465000270068815251CO-ViMGA141112s2004 ck r 000 u spa d a9701018990 aCO-ViMGAbspacCO-ViMGA04aMEVIECAR.42 H375m1 aHernandez Sampieri, Roberto; Fernandez Collado, Carlos; Baptista Lucio, Pilar10aMetodología de la investigación a2 aMexico McGraw Hill, c1991 a501.p. aContiene Diskette.  aProyecto de investigación Planteamiento del problema Marco teórico Tipo de investigación Formulación de hipótesis Diseños experimentales de investigación Diseños no experimentales de investigación Cómo seleccionar una muestra Recolección de datos Análisis de datos Elaboración del reporte de investigación14aMETODOLOGIA - Investigación14aMETODOLOGIA CIENTIFICA